Energy risk assessment /
Comprehensive and controversial, Energy Risk Assessment presents a state-of-the-art overview of the energy options available and their attendant risks. The entire energy cycle - from raw material to final energy production - is examined in depth so that accurate and detailed assessments can be made...
Saved in:
| Main Author: | |
|---|---|
| Format: | Book |
| Language: | English |
| Published: |
New York :
Gordon and Breach,
c1982.
|
| Subjects: | |
| Tags: |
Add Tag
No Tags, Be the first to tag this record!
|
| LEADER | 01241pam a2200277 a 4500 | ||
|---|---|---|---|
| 001 | 001090452-2 | ||
| 005 | 20020606090541.3 | ||
| 008 | 820315s1982 nyua b 00110 eng | ||
| 010 | |a 82003060 | ||
| 020 | |a 0677059809 | ||
| 035 | 0 | |a ocm08345368 | |
| 040 | |a DLC |c DLC | ||
| 050 | 0 | 0 | |a TD195.E49 |b I53 1982 |
| 100 | 1 | |a Inhaber, Herbert, |d 1941- | |
| 245 | 1 | 0 | |a Energy risk assessment / |c Herbert Inhaber. |
| 260 | 0 | |a New York : |b Gordon and Breach, |c c1982. | |
| 300 | |a xxvi, 395 p. : |b ill. ; |c 24 cm. | ||
| 504 | |a Includes bibliographical references and index. | ||
| 520 | |a Comprehensive and controversial, Energy Risk Assessment presents a state-of-the-art overview of the energy options available and their attendant risks. The entire energy cycle - from raw material to final energy production - is examined in depth so that accurate and detailed assessments can be made of the risks of energy options. | ||
| 650 | 0 | |a Energy development |x Environmental aspects. | |
| 650 | 0 | |a Environmental impact analysis. | |
| 650 | 0 | |a Risk. | |
| 650 | 0 | |a Health risk assessment. | |
| 776 | 0 | 8 | |i Online version: |a Inhaber, Herbert, 1941- |t Energy risk assessment. |d New York : Gordon and Breach, ©1982 |w (OCoLC)560564368 |
| 988 | |a 20020608 | ||
| 906 | |0 DLC | ||


